COAL MINNING VOL I (Record no. 5392)

MARC details
000 -LEADER
fixed length control field 00316nam a22001337a 4500
005 - DATE AND TIME OF LATEST TRANSACTION
control field 20170401154040.0
008 - FIXED-LENGTH DATA ELEMENTS--GENERAL INFORMATION
fixed length control field 170401b xxu||||| |||| 00| 0 eng d
041 ## - LANGUAGE CODE
Language code of text/sound track or separate title eng
100 ## - MAIN ENTRY--AUTHOR NAME
Personal name MATHUR,S.P, SINGH ,N.K
245 ## - TITLE STATEMENT
Title COAL MINNING VOL I
260 ## - PUBLICATION, DISTRIBUTION, ETC. (IMPRINT)
Name of publisher KHANAN PRAKSHAN
650 ## - SUBJECT ADDED ENTRY--TOPICAL TERM
Topical Term MINNING
942 ## - ADDED ENTRY ELEMENTS (KOHA)
Koha item type Books
Holdings
Lost status Damaged status Home library Current library Shelving location Date acquired Source of acquisition Cost, normal purchase price Accession Number Koha item type
    JRU Library   SHELF-6-C 14/02/2023 PURCHASE 3250.00 21638 Books